La revolución rusa 70 años después (Record no. 187075)

MARC details
000 -LEADER
campo de control de longitud fija 01125nam a2200253 i 4500
001 - NÚMERO DE CONTROL
campo de control 187075
003 - IDENTIFICADOR DE NÚMERO DE CONTROL
campo de control SpMaBN
005 - FECHA Y HORA DE LA ÚLTIMA TRANSACCIÓN
campo de control 20230906222818.0
008 - DATOS DE LONGITUD FIJA--INFORMACIÓN GENERAL
campo de control de longitud fija 170410s1988 sp |||| | spa d
020 ## - NÚMERO INTERNACIONAL ESTÁNDAR DEL LIBRO
Número Internacional Estándar del Libro 84-7719-095-X
080 ## - NÚMERO DE LA CLASIFICACIÓN DECIMAL UNIVERSAL
Número de la Clasificación Decimal Universal 016:327.32(460)"19"
080 ## - NÚMERO DE LA CLASIFICACIÓN DECIMAL UNIVERSAL
Número de la Clasificación Decimal Universal 016:821.134.2-94"19"
111 2# - ENTRADA PRINCIPAL--NOMBRE DE CONGRESO/REUNIÓN
Nombre de congreso/reunión o jurisdicción como elemento de entrada Coloquio de Historia Contemporánea (
Número del congreso/reunión o número de parte o sección 2º.
Fecha del congreso o de la firma del tratado 1987.
Sede del congreso/Lugar de la reunión León)
9 (RLIN) 162327
245 13 - MENCIÓN DEL TÍTULO
Título La revolución rusa 70 años después
Resto del título : actas del Segundo Coloquio de Historia Contemporánea : Universidad de León [del 11 al 13 de noviembre de 1987] /
Mención de responsabilidad, etc. F. Carantoña A., G. Puente F., eds. ; Mijail D. Karpachev ... [et al.].
260 ## - PUBLICACIÓN, DISTRIBUCIÓN, ETC.
Lugar de publicación, distribución, etc. León :
Nombre del editor, distribuidor, etc. Universidad, Secretariado de Publicaciones,
Fecha de publicación, distribución, etc. [1988]
300 ## - DESCRIPCIÓN FÍSICA
Extensión 223 p. ;
Dimensiones 21 cm.
504 ## - NOTA DE BIBLIOGRAFÍA, ETC.
Nota de bibliografía, etc. Referencias bibliográficas.
650 #7 - PUNTO DE ACCESO ADICIONAL DE MATERIA--TÉRMINO DE MATERIA
Término de materia o nombre geográfico como elemento de entrada Movimiento obrero-
Subdivisión geográfica España-
Subdivisión cronológica S.XX-
Subdivisión de forma Congresos y asambleas.
9 (RLIN) 162328
651 #7 - PUNTO DE ACCESO ADICIONAL DE MATERIA--NOMBRE GEOGRÁFICO
Nombre geográfico Rusia-
Subdivisión general Historia-
Subdivisión cronológica 1917-1921, Revolución-
Subdivisión de forma Congresos y asambleas.
9 (RLIN) 162329
700 1# - ENTRADA AGREGADA--NOMBRE PERSONAL
Nombre de persona Carantoña Álvarez, Francisco.
9 (RLIN) 162330
700 1# - ENTRADA AGREGADA--NOMBRE PERSONAL
Nombre de persona Karpachev, Mijail D.
9 (RLIN) 162331
710 2# - ENTRADA AGREGADA--NOMBRE DE ENTIDAD CORPORATIVA
Nombre de entidad corporativa o nombre de jurisdicción como elemento de entrada Universidad de León.
9 (RLIN) 7200
852 ## - LOCALIZACIÓN
Ubicación ES-MaACL
Número de control de estantería L-31396
Holdings
Estatus retirado Estado de pérdida Estado de daño No para préstamo Biblioteca de origen Biblioteca actual Ubicación en estantería Fecha de adquisición Fuente de adquisición Total de préstamos Signatura topográfica completa Código de barras Visto por última vez Precio de reemplazo Tipo de ítem Koha
        Biblioteca del Ateneo de Madrid Biblioteca del Ateneo de Madrid Depósito 2 10/04/2017     L-31396 1197362 23/02/2023 23/02/2023 Libro impreso